[Event "Fortaleza Genti Memorial"]
[Site "Fortaleza"]
[Date "2017.09.22"]
[Round "2"]
[White "Lima Filho, Jose Pacifico"]
[Black "Martins, George Evandro Barr"]
[Result "0-1"]
[WhiteElo "1893"]
[BlackElo "2107"]
[PlyCount "84"]
[EventDate "2017.09.22"]
[EventType "swiss"]
[EventRounds "6"]
[EventCountry "BRA"]
[SourceTitle "CBM 180 Extra"]
[Source "ChessBase"]
[SourceDate "2017.10.06"]
[SourceVersion "1"]
[SourceVersionDate "2017.10.06"]
[SourceQuality "1"]

1. d4 f5 2. Nf3 Nf6 3. Bf4 d6 4. e3 g6 5. Nbd2 Bg7 6. h3 0-0 7. Bc4+ e6 8. 0-0 Qe7 9. c3 Kh8 10. Qb3 Nc6 11. Qc2 e5 12. dxe5 dxe5 13. Bg3 Nh5 14. Bh4 Qe8 15. Bb5 Bd7 16. Be2 h6 17. Nb3 g5 18. Bg3 Nxg3 19. fxg3 Qe7 20. Rad1 Rad8 21. Nh2 e4 22. Bh5 Ne5 23. g4 Nc4 24. Qe2 Nd6 25. gxf5 Bb5 26. Qg4 Bxf1 27. Rxf1 b6 28. Nd4 Bxd4 29. cxd4 c5 30. dxc5 Nc4 31. Qg3 Qxc5 32. Ng4 Rd3 33. b3 Nxe3 34. Qe5+ Qxe5 35. Nxe5 Nxf1 36. Ng6+ Kg7 37. Nxf8 Kxf8 38. Kxf1 Rd2 39. a4 Ke7 40. Be2 Kf6 41. g4 Ke5 42. Kf2 Rb2 0-1

[Event "Fortaleza Genti Memorial"]
[Site "Fortaleza"]
[Date "2017.09.22"]
[Round "1"]
[White "Martins, George Evandro Barr"]
[Black "Monteiro, Jose Q Montenegro"]
[Result "1-0"]
[WhiteElo "2107"]
[BlackElo "1713"]
[PlyCount "69"]
[EventDate "2017.09.22"]
[EventType "swiss"]
[EventRounds "6"]
[EventCountry "BRA"]
[SourceTitle "CBM 180 Extra"]
[Source "ChessBase"]
[SourceDate "2017.10.06"]
[SourceVersion "1"]
[SourceVersionDate "2017.10.06"]
[SourceQuality "1"]

1. d4 d5 2. Nf3 Nf6 3. c4 e6 4. Nc3 c6 5. g3 Bb4 6. Qb3 Qa5 7. Bd2 Nbd7 8. Bg2 0-0 9. 0-0 dxc4 10. Qxc4 Bxc3 11. Bxc3 Qb5 12. Qxb5 cxb5 13. Bb4 Re8 14. Rfd1 Nb6 15. Rac1 Rd8 16. b3 Nbd5 17. Be1 Bd7 18. Ne5 Be8 19. e4 Ne7 20. Ba5 Rdc8 21. Rxc8 Rxc8 22. d5 Nd7 23. Nd3 exd5 24. exd5 b6 25. Bb4 Nf5 26. Bh3 g6 27. Bxf5 gxf5 28. Rd2 a5 29. Be7 f6 30. Nf4 Kf7 31. Re2 Ne5 32. Bd6 Ng6 33. Ne6 Rc1+ 34. Kg2 Rd1 35. Nd8+ 1-0

[Event "Sao Paulo op-A U2300 4th"]
[Site "Sao Paulo"]
[Date "2016.03.26"]
[Round "5"]
[White "Martins, George Evandro Barr"]
[Black "Cadilhac, Igor Tokuichi Kikuc"]
[Result "0-1"]
[WhiteElo "2148"]
[BlackElo "2127"]
[PlyCount "70"]
[EventDate "2016.03.24"]
[EventType "swiss"]
[EventRounds "7"]
[EventCountry "BRA"]
[SourceTitle "CBM 171 Extra"]
[Source "ChessBase"]
[SourceDate "2016.04.26"]
[SourceVersion "1"]
[SourceVersionDate "2016.04.26"]
[SourceQuality "1"]

1. d4 Nf6 2. Nf3 e6 3. e3 b6 4. Bd3 Bb7 5. 0-0 d5 6. c4 Be7 7. Nc3 0-0 8. Qe2 c5 9. Rd1 Nc6 10. dxc5 bxc5 11. cxd5 exd5 12. Ba6 Bxa6 13. Qxa6 Qc7 14. Qe2 Rad8 15. b3 d4 16. exd4 cxd4 17. Nb5 Qb6 18. Qc4 Rd5 19. Na3 Rfd8 20. Qf1 Ne4 21. Nc4 Qc7 22. Bb2 Bc5 23. Rac1 Qf4 24. Ncd2 f5 25. a3 d3 26. Rc4 Bxf2+ 27. Kh1 Bc5 28. Nxe4 fxe4 29. b4 Bd4 30. Nxd4 Qxf1+ 31. Rxf1 Nxd4 32. Rd1 e3 33. Rxd3 e2 34. Bc3 Nb5 35. Rxd5 Rxd5 0-1

[Event "Estadual-ch m FESMAX XXX"]
[Site "Campo Grande"]
[Date "2015.12.18"]
[Round "4.4"]
[White "Martins, George Evandro Barr"]
[Black "Cristino, Felipe Borges"]
[Result "1-0"]
[WhiteElo "2168"]
[BlackElo "2168"]
[PlyCount "74"]
[EventDate "2015.12.18"]
[EventType "tourn"]
[EventRounds "7"]
[EventCountry "BRA"]
[SourceTitle "EXT 2022"]
[Source "ChessBase"]
[SourceDate "2021.10.06"]
[SourceVersion "1"]
[SourceVersionDate "2021.10.06"]
[SourceQuality "1"]

1. d4 Nf6 2. Nf3 g6 3. Nc3 c5 4. d5 d6 5. e4 Nbd7 6. h3 Bg7 7. Be2 Ne5 8. Nd2 g5 9. Nf1 h6 10. h4 gxh4 11. Rxh4 Ng6 12. Rh1 e6 13. Ng3 a6 14. a4 b6 15. dxe6 Bxe6 16. f4 Bc8 17. Bf3 Ra7 18. Be3 Re7 19. Kf2 h5 20. Nf5 Bxf5 21. exf5 Rxe3 22. Kxe3 Ne7 23. Re1 Nxf5+ 24. Kf2+ Kf8 25. Ne2 Ng4+ 26. Bxg4 hxg4 27. Rh1 g3+ 28. Nxg3 Bd4+ 29. Kf3 Qa8+ 30. Ne4 Nh4+ 31. Rxh4 Rxh4 32. c3 f5 33. Qe2 Qxe4+ 34. Qxe4 fxe4+ 35. Kxe4 Bf2 36. Kf3 Kf7 37. Rf1 Bd4 1-0

[Event "Campo Grande Brasil op"]
[Site "Campo Grande"]
[Date "2015.10.11"]
[Round "5"]
[White "Stivanelli, Leonardo Alexandre"]
[Black "Martins, George Evandro Barr"]
[Result "0-1"]
[WhiteElo "1955"]
[BlackElo "2174"]
[PlyCount "90"]
[EventDate "2015.10.09"]
[EventType "swiss"]
[EventRounds "7"]
[EventCountry "BRA"]
[SourceTitle "CBM 168 Extra"]
[Source "ChessBase"]
[SourceDate "2015.10.29"]
[SourceVersion "1"]
[SourceVersionDate "2015.10.29"]
[SourceQuality "1"]

1. d4 g6 2. Nf3 Bg7 3. e3 d6 4. c4 Nf6 5. Nc3 0-0 6. Qc2 Nc6 7. a3 e5 8. Be2 exd4 9. exd4 Bf5 10. Qd1 Re8 11. 0-0 Ne4 12. Nd5 Bg4 13. Be3 Nb8 14. h3 Bxf3 15. Bxf3 c6 16. Nc3 Nxc3 17. bxc3 Nd7 18. Bf4 Nb6 19. Qb3 Qf6 20. Bg3 Qe6 21. d5 cxd5 22. cxd5 Qd7 23. a4 Rac8 24. Rfc1 Nc4 25. Rd1 b6 26. Rac1 Rc5 27. Qa2 Rec8 28. Be2 Na5 29. c4 Nb7 30. Bf4 Ra5 31. Qd2 Nc5 32. Qe3 Re8 33. Qf3 Rxa4 34. Re1 Ra2 35. Bf1 Bd4 36. Bg3 f5 37. Rcd1 Rxe1 38. Rxe1 Ne4 39. Rxe4 fxe4 40. Qxe4 Bc5 41. Be2 Kf8 42. Bg4 Qf7 43. Kh2 Rxf2 44. Be6 Qf6 45. Bh4 Qf4+ 0-1

[Event "Campo Grande Brasil op"]
[Site "Campo Grande"]
[Date "2015.10.10"]
[Round "3"]
[White "Martins, George Evandro Barr"]
[Black "Lopes, Marcelo Ferreira"]
[Result "0-1"]
[WhiteElo "2174"]
[BlackElo "1995"]
[PlyCount "94"]
[EventDate "2015.10.09"]
[EventType "swiss"]
[EventRounds "7"]
[EventCountry "BRA"]
[SourceTitle "CBM 168 Extra"]
[Source "ChessBase"]
[SourceDate "2015.10.29"]
[SourceVersion "1"]
[SourceVersionDate "2015.10.29"]
[SourceQuality "1"]

1. d4 Nf6 2. Nf3 c5 3. d5 e6 4. Nc3 exd5 5. Nxd5 Nxd5 6. Qxd5 Nc6 7. Ng5 Qf6 8. c3 d6 9. g3 h6 10. Ne4 Qe6 11. Qxe6+ Bxe6 12. Bf4 d5 13. Nd6+ Kd7 14. Nxb7 g5 15. Be3 d4 16. Bg2 dxe3 17. Na5 Nxa5 18. Bxa8 Bg7 19. 0-0-0+ Ke7 20. Bd5 exf2 21. Rhf1 Nc4 22. Bxe6 fxe6 23. Rxf2 Rb8 24. e4 a5 25. b3 Nd6 26. Rfd2 Nxe4 27. Rd7+ Kf6 28. Rf1+ Kg6 29. Re1 Nxc3 30. Rxe6+ Kf5 31. Re3 Nxa2+ 32. Kd2 Bd4 33. Rf3+ Ke4 34. Rdf7 a4 35. bxa4 Rb2+ 36. Ke1 Nc3 37. a5 Rb1+ 38. Kd2 Rb2+ 39. Ke1 Ra2 40. h4 Rxa5 41. hxg5 Ra1+ 42. Kd2 Ra2+ 43. Ke1 hxg5 44. R3f5 Nd5 45. Rxg5 Ne3 46. Rf4+ Kd3 47. Rd5 Re2# 0-1

[Event "Sao Paulo op-A 3rd"]
[Site "Sao Paulo"]
[Date "2015.09.20"]
[Round "5"]
[White "Brito, Luismar Jorge"]
[Black "Martins, George Evandro Barr"]
[Result "0-1"]
[WhiteElo "2241"]
[BlackElo "2165"]
[PlyCount "142"]
[EventDate "2015.09.17"]
[EventType "swiss"]
[EventRounds "6"]
[EventCountry "BRA"]
[SourceTitle "EXT 2016"]
[Source "ChessBase"]
[SourceDate "2015.10.08"]
[SourceVersion "1"]
[SourceVersionDate "2015.10.08"]
[SourceQuality "1"]

1. Nc3 g6 2. e4 Bg7 3. d4 d6 4. Be2 a6 5. a4 Nc6 6. Be3 Nf6 7. Qd2 0-0 8. f4 e5 9. fxe5 dxe5 10. d5 Nd4 11. Nf3 Nxe2 12. Qxe2 c6 13. Bc5 Re8 14. Rd1 cxd5 15. Nxd5 Nxd5 16. Rxd5 Qa5+ 17. Qd2 Qxa4 18. 0-0 Be6 19. Ng5 Bh6 20. Rxe5 Bc4 21. Qf4 Rxe5 22. Qxe5 Re8 23. Qd4 Bxg5 24. b3 Bxb3 25. cxb3 Qxd4+ 26. Bxd4 Rxe4 27. Bf2 Be3 28. Rd1 Bxf2+ 29. Kxf2 Rb4 30. Rd3 a5 31. Ke3 b5 32. Kd2 a4 33. bxa4 bxa4 34. Kc2 Kg7 35. g3 h5 36. Rf3 h4 37. gxh4 Rxh4 38. h3 f5 39. Kd2 Rb4 40. Ke2 Rb2+ 41. Kf1 Rb3 42. Rf4 a3 43. Kg2 Kh6 44. Ra4 Kh5 45. Kh2 g5 46. Ra8 f4 47. Kg2 Kg6 48. Ra5 Rb2+ 49. Kf3 Rh2 50. Rxa3 Rxh3+ 51. Kg4 Rh4+ 52. Kf3 Kh5 53. Kg2 Kg4 54. Ra5 Rh8 55. Ra3 Re8 56. Kf2 Rb8 57. Ra2 Rb3 58. Rc2 Rh3 59. Kg2 f3+ 60. Kg1 Kg3 61. Rg2+ Kf4 62. Ra2 Rh8 63. Ra4+ Kg3 64. Ra2 g4 65. Rg2+ Kf4 66. Ra2 Re8 67. Kf1 g3 68. Ra4+ Re4 69. Ra2 g2+ 70. Kf2 Re2+ 71. Kg1 Rxa2 0-1

[Event "Sao Paulo op-A 3rd"]
[Site "Sao Paulo"]
[Date "2015.09.19"]
[Round "4"]
[White "Martins, George Evandro Barr"]
[Black "Awoki, Daniel Teidi"]
[Result "1-0"]
[WhiteElo "2165"]
[BlackElo "2036"]
[PlyCount "79"]
[EventDate "2015.09.17"]
[EventType "swiss"]
[EventRounds "6"]
[EventCountry "BRA"]
[SourceTitle "EXT 2016"]
[Source "ChessBase"]
[SourceDate "2015.10.08"]
[SourceVersion "1"]
[SourceVersionDate "2015.10.08"]
[SourceQuality "1"]

1. d4 d5 2. Nf3 Nf6 3. e3 c6 4. Bd3 e6 5. 0-0 Nbd7 6. c4 Bd6 7. Nc3 0-0 8. e4 e5 9. exd5 cxd5 10. dxe5 Nxe5 11. Nxe5 Bxe5 12. Nxd5 Nxd5 13. cxd5 Qd6 14. h3 Rd8 15. Qb3 b6 16. Rd1 Bb7 17. Be4 Rac8 18. Be3 Qf6 19. Rd2 Ba6 20. Bf3 Bc4 21. Qa3 a5 22. Rad1 Bd6 23. Qa4 Bb4 24. Rd4 b5 25. Qc2 Bxa2 26. Qd3 Bc4 27. Qb1 Bb3 28. Rg4 Bxd1 29. Bd4 Bc2 30. Qxc2 Rxc2 31. Bxf6 Rd7 32. Rxg7+ Kf8 33. Rxh7 Ke8 34. Rh8+ Bf8 35. Bg7 Ke7 36. Bxf8+ Kf6 37. Rg8 Ke5 38. Bg7+ Kd6 39. Re8 a4 40. Be5+ 1-0

[Event "Sao Paulo op-A 3rd"]
[Site "Sao Paulo"]
[Date "2015.09.19"]
[Round "3"]
[White "Noseda, Francesco"]
[Black "Martins, George Evandro Barr"]
[Result "1/2-1/2"]
[WhiteElo "1897"]
[BlackElo "2165"]
[PlyCount "53"]
[EventDate "2015.09.17"]
[EventType "swiss"]
[EventRounds "6"]
[EventCountry "BRA"]
[SourceTitle "EXT 2016"]
[Source "ChessBase"]
[SourceDate "2015.10.08"]
[SourceVersion "1"]
[SourceVersionDate "2015.10.08"]
[SourceQuality "1"]

1. e4 g6 2. d4 Bg7 3. Nc3 d6 4. f4 Nd7 5. Nf3 a6 6. Bd3 b5 7. e5 c5 8. Be4 Rb8 9. dxc5 Nxc5 10. Bd5 Nh6 11. 0-0 0-0 12. Ne4 Nxe4 13. Bxe4 Qb6+ 14. Kh1 Ng4 15. Qe2 dxe5 16. fxe5 Be6 17. Bf4 Bc4 18. Bd3 Rbc8 19. h3 Nh6 20. Bxc4 Rxc4 21. Bh2 Qc5 22. c3 Nf5 23. Nd2 Rh4 24. Nf3 Rh6 25. Bf4 g5 26. Nxg5 Qc8 27. Qg4 1/2-1/2

[Event "Tres Lagoas nt"]
[Site "Tres Lagoas"]
[Date "2015.08.09"]
[Round "5.1"]
[White "Cristino, Felipe Borges"]
[Black "Martins, George Evandro Barr"]
[Result "1-0"]
[WhiteElo "1870"]
[BlackElo "2206"]
[PlyCount "82"]
[EventDate "2015.08.08"]
[EventType "swiss"]
[EventRounds "5"]
[EventCountry "BRA"]
[SourceTitle "EXT 2022"]
[Source "ChessBase"]
[SourceDate "2021.10.06"]
[SourceVersion "1"]
[SourceVersionDate "2021.10.06"]
[SourceQuality "1"]

1. e4 g6 2. d4 Bg7 3. Nf3 d6 4. Be2 c5 5. dxc5 Qa5+ 6. c3 Qxc5 7. Be3 Qc7 8. Na3 b6 9. Nb5 Qb7 10. Bd4 Bxd4 11. Qxd4 Nf6 12. Qxf6 exf6 13. Nxd6+ Ke7 14. Nxb7 Bxb7 15. Nd2 Nd7 16. f3 Rhd8 17. Nb3 h6 18. Kf2 Ne5 19. Rhd1 Rxd1 20. Rxd1 a5 21. Nd2 Rd8 22. Ke3 h5 23. Bb5 g5 24. Ke2 h4 25. Nc4 Rxd1 26. Kxd1 h3 27. gxh3 Nxf3 28. Nxb6 Bxe4 29. Ke2 Ne5 30. Ke3 Bg2 31. Nc4 Bxh3 32. Nxa5 Be6 33. a4 Ng4+ 34. Kd4 Nxh2 35. Nb7 Nf3+ 36. Kc5 g4 37. a5 g3 38. Bf1 Nd2 39. Bg2 Bc4 40. Bc6 Bd3 41. Kd4 Ba6 1-0

[Event "Tres Lagoas nt"]
[Site "Tres Lagoas"]
[Date "2015.08.08"]
[Round "3.1"]
[White "De Souza, Genilson Messias"]
[Black "Martins, George Evandro Barr"]
[Result "0-1"]
[WhiteElo "1796"]
[BlackElo "2206"]
[PlyCount "88"]
[EventDate "2015.08.08"]
[EventType "swiss"]
[EventRounds "5"]
[EventCountry "BRA"]
[SourceTitle "EXT 2022"]
[Source "ChessBase"]
[SourceDate "2021.10.06"]
[SourceVersion "1"]
[SourceVersionDate "2021.10.06"]
[SourceQuality "1"]

1. e4 g6 2. Nf3 Bg7 3. c3 d5 4. Bd3 c5 5. Qe2 a6 6. Bc2 Nc6 7. d3 Nf6 8. Bg5 0-0 9. h3 h6 10. Bc1 e5 11. g4 Re8 12. g5 hxg5 13. Bxg5 Qd6 14. Nbd2 Nh5 15. Nf1 Nf4 16. Bxf4 exf4 17. 0-0-0 b5 18. Qd2 Bb7 19. exd5 Nd4 20. cxd4 Bxd5 21. dxc5 Qf6 22. d4 Bxf3 23. Nh2 Bxh1 24. Rxh1 Qxd4 25. Qxd4 Bxd4 26. Ng4 f5 27. Rd1 Red8 28. Nh2 Bxf2 29. b4 Be3+ 30. Kb2 Rxd1 31. Bxd1 Rd8 32. Bb3+ Kg7 33. Nf3 Kf6 34. a4 g5 35. axb5 axb5 36. Kc3 g4 37. hxg4 fxg4 38. Nh2 Bd4+ 39. Kc2 g3 40. Ng4+ Kg5 41. Be6 f3 42. c6 Bb6 43. Ne5 Kf6 44. Nd7+ Rxd7 0-1

[Event "Cuiaba Contaud op"]
[Site "Cuiaba"]
[Date "2015.08.02"]
[Round "6"]
[White "Martins, George Evandro Barr"]
[Black "Stivanelli, Leonardo Alexandre"]
[Result "1/2-1/2"]
[WhiteElo "2206"]
[BlackElo "1960"]
[PlyCount "60"]
[EventDate "2015.07.31"]
[EventType "swiss"]
[EventRounds "6"]
[EventCountry "BRA"]
[SourceTitle "EXT 2016"]
[Source "ChessBase"]
[SourceDate "2015.10.08"]
[SourceVersion "1"]
[SourceVersionDate "2015.10.08"]
[SourceQuality "1"]

1. d4 d5 2. Bf4 Nf6 3. e3 e6 4. c4 Bd6 5. Bxd6 Qxd6 6. Nc3 c6 7. Nf3 Nbd7 8. Qc2 0-0 9. Rd1 Re8 10. Bd3 dxc4 11. Bxc4 Qe7 12. 0-0 e5 13. Ng5 Rf8 14. Rfe1 h6 15. Nge4 Nb6 16. Nxf6+ Qxf6 17. dxe5 Qxe5 18. Bb3 Bf5 19. e4 Bg4 20. f3 Be6 21. Bxe6 Qxe6 22. b3 Rad8 23. f4 Rfe8 24. g3 Qe7 25. Kg2 Rd7 26. Re3 Red8 27. Red3 Qc5 28. Rxd7 Rxd7 29. Rxd7 Nxd7 30. Qd3 Nf6 1/2-1/2

[Event "Cuiaba Contaud op"]
[Site "Cuiaba"]
[Date "2015.08.02"]
[Round "5"]
[White "Medeiros, Thauane Ferreira"]
[Black "Martins, George Evandro Barr"]
[Result "0-1"]
[WhiteElo "1895"]
[BlackElo "2206"]
[PlyCount "86"]
[EventDate "2015.07.31"]
[EventType "swiss"]
[EventRounds "6"]
[EventCountry "BRA"]
[SourceTitle "EXT 2016"]
[Source "ChessBase"]
[SourceDate "2015.10.08"]
[SourceVersion "1"]
[SourceVersionDate "2015.10.08"]
[SourceQuality "1"]

1. d4 g6 2. c4 f5 3. Nc3 Bg7 4. g3 Nf6 5. Bg2 0-0 6. Nh3 d6 7. 0-0 c6 8. Bf4 h6 9. Qd3 g5 10. Be3 f4 11. Bc1 e5 12. dxe5 dxe5 13. Qxd8 Rxd8 14. Kh1 Be6 15. b3 a5 16. Ng1 Na6 17. Ba3 Nb4 18. Rac1 Bf5 19. h4 e4 20. hxg5 hxg5 21. gxf4 gxf4 22. Bh3 Bxh3 23. Nxh3 Kf7 24. Ng5+ Kg6 25. Ngxe4 Nxe4 26. Nxe4 Kf5 27. f3 Bd4 28. Nf2 Nxa2 29. Rc2 Nb4 30. Rcc1 Re8 31. Bxb4 axb4 32. Rcd1 c5 33. Rd2 Ra3 34. Ne4 Ra6 35. e3 Rh8+ 36. Rh2 Rxh2+ 37. Kxh2 Ra2+ 38. Rf2 Rxf2+ 39. Nxf2 fxe3 40. Nd3 e2 41. Kg2 b5 42. cxb5 c4 43. bxc4 b3 0-1

[Event "American Continental 10th"]
[Site "Praia da Pipa"]
[Date "2014.10.23"]
[Round "8"]
[White "Martins, George Evandro Barr"]
[Black "Okamura, Milton Kasuo"]
[Result "0-1"]
[WhiteElo "2276"]
[BlackElo "2085"]
[PlyCount "52"]
[EventDate "2014.10.18"]
[EventType "swiss"]
[EventRounds "11"]
[EventCountry "BRA"]
[SourceTitle "EXT 2015"]
[Source "ChessBase"]
[SourceDate "2014.11.20"]
[SourceVersion "1"]
[SourceVersionDate "2014.11.20"]
[SourceQuality "1"]

1. f4 Nf6 2. Nf3 e6 3. e3 c5 4. b3 Be7 5. Bb2 0-0 6. Bd3 d6 7. Nc3 b6 8. Qe2 Bb7 9. 0-0-0 a6 10. g4 Nc6 11. a3 b5 12. Rdg1 b4 13. Nb1 bxa3 14. Bxa3 Nb4 15. Bxb4 cxb4 16. h4 a5 17. Kd1 a4 18. bxa4 Rxa4 19. Ke1 Qa8 20. Rh3 Ra1 21. Kf2 Ne4+ 22. Kg2 Qa2 23. Rhh1 Ra8 24. Bxe4 Bxe4 25. d3 Bb7 26. Kf2 Qb2 0-1

[Event "Campo Grande op 2nd"]
[Site "Campo Grande"]
[Date "2014.09.07"]
[Round "4"]
[White "Martins, George Evandro Barr"]
[Black "Lopes, Marcelo Ferreira"]
[Result "1-0"]
[WhiteElo "2265"]
[BlackElo "2026"]
[PlyCount "91"]
[EventDate "2014.09.05"]
[EventType "swiss"]
[EventRounds "5"]
[EventCountry "BRA"]
[SourceTitle "CBM 162 Extra"]
[Source "ChessBase"]
[SourceDate "2014.10.17"]
[SourceVersion "1"]
[SourceVersionDate "2014.10.17"]
[SourceQuality "1"]

1. d4 Nf6 2. Nf3 e6 3. Bf4 b6 4. Nbd2 Bb7 5. e3 Be7 6. h3 0-0 7. Bd3 d5 8. 0-0 c5 9. c3 Ba6 10. Bxa6 Nxa6 11. Qe2 Nb8 12. a4 Nc6 13. Ne5 Nxe5 14. Bxe5 Nd7 15. Bh2 Bf6 16. Nf3 Re8 17. Rfd1 e5 18. dxe5 Nxe5 19. Bxe5 Bxe5 20. Qd3 Bf6 21. Qxd5 Qxd5 22. Rxd5 Rad8 23. Rad1 Rxd5 24. Rxd5 Rd8 25. Rxd8+ Bxd8 26. c4 Bf6 27. b3 Kf8 28. Kf1 Ke7 29. Ke2 Kd6 30. Kd3 a6 31. Nd2 Kc6 32. Ne4 Be7 33. Nc3 f5 34. Nd5 Bd8 35. e4 fxe4+ 36. Kxe4 Kd6 37. f4 Ke6 38. g4 g6 39. f5+ gxf5+ 40. gxf5+ Kd6 41. Kf4 b5 42. Nc3 bxa4 43. Ne4+ Kc6 44. bxa4 Kb6 45. Ke5 Be7 46. f6 1-0

[Event "Cearense-ch 69th"]
[Site "Fortaleza"]
[Date "2000.10.08"]
[Round "5"]
[White "Magalhaes, Samuel"]
[Black "Martins, George Evandro Barr"]
[Result "0-1"]
[WhiteElo "1883"]
[BlackElo "2155"]
[PlyCount "54"]
[EventDate "2000.??.??"]
[EventType "swiss"]
[EventRounds "9"]
[EventCountry "BRA"]
[SourceTitle "EXT 2003"]
[Source "ChessBase"]
[SourceDate "2002.11.25"]
[SourceVersion "1"]
[SourceVersionDate "2002.11.25"]
[SourceQuality "1"]

1. e4 c5 2. Nf3 Nc6 3. d4 cxd4 4. Nxd4 Nf6 5. Nc3 d6 6. Bg5 Bd7 7. Qd2 Rc8 8. 0-0-0 Nxd4 9. Qxd4 Qa5 10. Be3 a6 11. f3 g6 12. Bc4 Bg7 13. Qd3 0-0 14. h4 h5 15. Bg5 b5 16. Bb3 b4 17. Nd5 Nxd5 18. Qxd5 Rc5 19. Qd2 Rfc8 20. Kb1 Be6 21. Bxe6 fxe6 22. Rc1 Qa4 23. Qd3 Bc3 24. Bd2 Ra5 25. a3 bxa3 26. bxc3 a2+ 27. Ka1 Rb8 0-1

[Event "Cearense-ch 69th"]
[Site "Fortaleza"]
[Date "2000.09.24"]
[Round "2"]
[White "Martins, George Evandro Barr"]
[Black "Feijo, Francisco Celio"]
[Result "1-0"]
[WhiteElo "2155"]
[BlackElo "1929"]
[PlyCount "73"]
[EventDate "2000.??.??"]
[EventType "swiss"]
[EventRounds "9"]
[EventCountry "BRA"]
[SourceTitle "EXT 2003"]
[Source "ChessBase"]
[SourceDate "2002.11.25"]
[SourceVersion "1"]
[SourceVersionDate "2002.11.25"]
[SourceQuality "1"]

1. e4 e6 2. d4 d5 3. exd5 exd5 4. Nf3 Nf6 5. Bd3 Bg4 6. 0-0 Be7 7. c4 dxc4 8. Bxc4 0-0 9. Nc3 Nc6 10. Be3 Bb4 11. h3 Bxc3 12. hxg4 Bb4 13. Nh4 Nd5 14. Nf5 Nce7 15. Qb3 a5 16. Nxe7+ Nxe7 17. a3 Bd6 18. Qxb7 Rb8 19. Qa6 Rxb2 20. Qxa5 Nc6 21. Qh5 Qf6 22. g5 Qf5 23. Rfd1 g6 24. Qh4 Rfb8 25. Bd3 Qd7 26. a4 Na5 27. d5 Be5 28. Qe4 Re8 29. Qf3 Reb8 30. g3 R8b4 31. Bb5 Qd6 32. Rac1 R4b3 33. Rd3 Rxd3 34. Bxd3 Qa3 35. Qe4 Bd6 36. Qe8+ Kg7 37. Bd4+ 1-0

[Event "Fortaleza Capablanca op"]
[Site "Fortaleza"]
[Date "2000.??.??"]
[Round "?"]
[White "Nicolau de Araujo, Jose"]
[Black "Martins, George Evandro Barr"]
[Result "1/2-1/2"]
[WhiteElo "1980"]
[BlackElo "2270"]
[PlyCount "21"]
[EventDate "2000.??.??"]
[EventType "swiss"]
[EventRounds "7"]
[EventCountry "BRA"]
[SourceTitle "EXT 2003"]
[Source "ChessBase"]
[SourceDate "2002.11.25"]
[SourceVersion "1"]
[SourceVersionDate "2002.11.25"]
[SourceQuality "1"]

1. e4 d5 2. exd5 Qxd5 3. Nc3 Qa5 4. b4 Qxb4 5. Rb1 Qd6 6. Rb3 c6 7. Ba3 Qc7 8. Nf3 Bg4 9. Be2 Nf6 10. h3 Bxf3 11. Bxf3 1/2-1/2